Loading...
| Science - Biology | 0 | 5 | 1 | 2 | 45 | 19 | 55.40 | 0 | 4 |
| Science - Chemistry | 0 | 5 | 2 | 0 | 40 | 10 | 31.20 | 3 | 4 |
| Science - Physics | 0 | 2 | 0 | 1 | 20 | 32 | 53.50 | 0 | 1 |
| Mythology | 0 | 1 | 0 | 1 | 10 | 112 | 112.00 | 0 | 0 |
| Philosophy | 0 | 1 | 0 | 1 | 10 | 108 | 108.00 | 0 | 0 |
| Pop Culture | 0 | 1 | 0 | 0 | 10 | 35 | 35.00 | 0 | 1 |
| Religion | 0 | 1 | 0 | 1 | 10 | 110 | 110.00 | 0 | 1 |
| Current Events | 0 | 1 | 0 | 0 | 10 | 54 | 54.00 | 0 | 1 |
| Geography | 0 | 1 | 0 | 0 | 10 | 84 | 84.00 | 0 | 0 |
| History - American History | 0 | 1 | 0 | 0 | 10 | 27 | 27.00 | 0 | 1 |
| Science - Other Science | 0 | 1 | 1 | 1 | 5 | 96 | 96.00 | 0 | 1 |
| History - Other History | 0 | 1 | 1 | 0 | 5 | 64 | 64.00 | 1 | 1 |
| Social Science | 0 | 1 | 1 | 0 | 5 | 43 | 43.00 | 0 | 1 |